Most Unknown FBS College Football Teams not in MAC - Statistics

General Stats
  • This quiz has been taken 19 times
    14 since last reset
  • The average score is 11 of 15
Answer Stats
Located In Answer % Correct
Florida FAU
92%
Florida FIU
92%
Alabama South Alabama
92%
Delaware Delaware
85%
Alabama UAB
85%
Florida USF
85%
Georgia Georgia Southern
77%
Louisiana Louisiana-Monroe
77%
Tennessee Middle Tennessee
77%
Georgia Kennesaw State
69%
Texas UTEP
69%
Illinois Northern Illinois
62%
Texas UTSA
62%
Utah Utah State
46%
West Virginia West Virginia
46%
No matching quizzes found
Score Distribution
Percent of People with Each Score
Percentile by Number Answered
Your Score History
You have not taken this quiz since the last reset